|
|
|
|
| LEADER |
00000naa a2200000uu 4500 |
| 001 |
vtls011036599 |
| 003 |
SK-MaSNL |
| 005 |
20260302124216.0 |
| 008 |
210907|2004 xo |||||||||||||||||slo| |
| 015 |
|
|
|a SNBRA
|
| 035 |
|
|
|a (urnnbn)urn:nbn:sk:snk:ar-008umu
|
| 035 |
|
|
|a (uuid)563990c0-bb9f-4569-b99e-956a6c299f3a
|
| 035 |
|
|
|a urn:nbn:sk:snk-aauqcd
|
| 040 |
|
|
|a SNKBUCL
|b slo
|c SNKBUCL
|e AACR2
|
| 041 |
0 |
|
|a slo
|
| 044 |
|
|
|a xo
|c SK
|
| 100 |
1 |
|
|a Búš, Vladimír
|4 aut
|9 294089
|
| 245 |
1 |
0 |
|a Výstavba a využitie šikmých striech
|c Vladimír Búš
|
| 773 |
0 |
|
|t Obnova školských stavieb a jej financovanie
|d Bratislava : Elentprint, 2004
|g S. 30-34
|z 8096912615
|
| 958 |
|
|
|a OND
|
| 958 |
|
|
|a article12
|
| 958 |
|
|
|a chapter
|
| 999 |
|
|
|c 1286677
|d 1288607
|